Transformation of exploitation technology in China (Record no. 71478)

MARC details
000 -LEADER
fixed length control field 00514nam a2200121Ia 4500
100 ## - MAIN ENTRY--AUTHOR NAME
Personal name Wei X D
245 #0 - TITLE STATEMENT
Title Transformation of exploitation technology in China
260 ## - PUBLICATION, DISTRIBUTION, ETC. (IMPRINT)
Name of publisher Climate Change, Low Carbon Economy and Sustainable Natural Rubber Industry: Preprints of Proceedings of IRRDB International Rubber Conference 2010, 18-19 October 2010 Sanya, Hainan, China, pp. 449-455.
650 ## - SUBJECT ADDED ENTRY--TOPICAL TERM
Topical Term Exploitation technology
650 ## - SUBJECT ADDED ENTRY--TOPICAL TERM
Topical Term Transformation
942 ## - ADDED ENTRY ELEMENTS (KOHA)
Koha item type Journals
Holdings
Withdrawn status Lost status Damaged status Not for loan Home library Current library Shelving location Date acquired Koha item type
      Journals RRII Library RRII Library Exploitation technology 14/08/2012 Journals